| 000 | 00761nam a2200241 4500 | ||
|---|---|---|---|
| 001 | 10994 | ||
| 003 | BD-RjUL | ||
| 005 | 20211208235042.0 | ||
| 008 | 140125s1962 ctuabd b 001 0 eng d | ||
| 035 | _a(BD-RjUL)11043 | ||
| 040 |
_aDLC/ICU _cICU _dDLC _dBD-RjUL _beng |
||
| 041 | _aeng | ||
| 082 | 0 | 0 |
_a551.424 _bWIA 1962 _223 |
| 100 | 1 |
_aWiens, Herold J., _q(Herold Jacob), _d1912-1971. _933973 |
|
| 245 | 1 | 0 |
_aAtoll environment and ecology / _cby Herold J. Wiens. |
| 260 |
_aNew Haven : _bYale University Press, _c1962. |
||
| 300 |
_axxii, 532 p. : _bill. ; _c24 cm. |
||
| 504 | _aIncludes Bibliography and index. | ||
| 650 | 0 |
_a reefs _xatoll _9215391 |
|
| 650 | 0 |
_aCoral reef ecology. _9215392 |
|
| 650 | 0 |
_aCoral reefs and islands _9166037 |
|
| 942 |
_2ddc _cBK |
||
| 999 |
_c10994 _d10994 |
||